<?xml version="1.0" encoding="UTF-8"?>
<record
    xmlns:xsi="http://www.w3.org/2001/XMLSchema-instance"
    xsi:schemaLocation="http://www.loc.gov/MARC21/slim http://www.loc.gov/standards/marcxml/schema/MARC21slim.xsd"
    xmlns="http://www.loc.gov/MARC21/slim">

  <leader>01242nam a22001817a 4500</leader>
  <controlfield tag="008">120824t        xxu||||| |||| 00| 0 eng d</controlfield>
  <datafield tag="020" ind1=" " ind2=" ">
    <subfield code="a">061831847X</subfield>
  </datafield>
  <datafield tag="050" ind1=" " ind2=" ">
    <subfield code="a">PE1408.T73</subfield>
  </datafield>
  <datafield tag="100" ind1=" " ind2=" ">
    <subfield code="a">Trimmer, Joseph F.</subfield>
  </datafield>
  <datafield tag="245" ind1=" " ind2=" ">
    <subfield code="a">The new writing with a purpose. /</subfield>
    <subfield code="c">Joseph F. Trimmer</subfield>
  </datafield>
  <datafield tag="250" ind1=" " ind2=" ">
    <subfield code="a">14th ed.</subfield>
  </datafield>
  <datafield tag="260" ind1=" " ind2=" ">
    <subfield code="a">New York:</subfield>
    <subfield code="b">Houghton Mifflin Company,</subfield>
    <subfield code="c">c2004.</subfield>
  </datafield>
  <datafield tag="300" ind1=" " ind2=" ">
    <subfield code="a">xix, 597 p.:</subfield>
    <subfield code="b">ill.;</subfield>
    <subfield code="c">24cm.</subfield>
  </datafield>
  <datafield tag="500" ind1=" " ind2=" ">
    <subfield code="a">Includes index.</subfield>
  </datafield>
  <datafield tag="505" ind1=" " ind2=" ">
    <subfield code="a">Contents: The Writing process: Toward purposeful writing -- Planning -- Drafting -- Revising -- Designing -- Writing structures: Common methods of development -- Argument -- Paragraphs: units of development -- Sentences: patterns of expression -- Diction: the choice of words -- Tone and style -- Writing research: Planning the research paper -- Writing the research paper -- Readings with a purpose: writing strategies -- Handbook of grammar and usage: The Evolution of English -- Understanding sentence elements -- Writing logical and effective sentences -- Writing grammatical sentences -- Choosing effective diction -- Observing the rules of punctuation -- Observing the rules of mechanics -- A Glossary of contemporary usage. </subfield>
  </datafield>
  <datafield tag="650" ind1=" " ind2=" ">
    <subfield code="b">English language</subfield>
    <subfield code="x">Rhetoric. </subfield>
  </datafield>
  <datafield tag="942" ind1=" " ind2=" ">
    <subfield code="2">lcc</subfield>
    <subfield code="c">BK</subfield>
  </datafield>
  <datafield tag="999" ind1=" " ind2=" ">
    <subfield code="c">2166</subfield>
    <subfield code="d">9666</subfield>
  </datafield>
  <datafield tag="952" ind1=" " ind2=" ">
    <subfield code="0">0</subfield>
    <subfield code="1">0</subfield>
    <subfield code="2">lcc</subfield>
    <subfield code="4">0</subfield>
    <subfield code="7">0</subfield>
    <subfield code="a">WIUC-1</subfield>
    <subfield code="b">WIUC-1</subfield>
    <subfield code="c">GEN</subfield>
    <subfield code="d">2012-08-24</subfield>
    <subfield code="l">0</subfield>
    <subfield code="o">PE1408.T73</subfield>
    <subfield code="p">4461/12</subfield>
    <subfield code="r">2012-08-24 00:00:00</subfield>
    <subfield code="t">1</subfield>
    <subfield code="w">2012-08-24</subfield>
    <subfield code="y">BK</subfield>
  </datafield>
  <datafield tag="952" ind1=" " ind2=" ">
    <subfield code="0">0</subfield>
    <subfield code="1">0</subfield>
    <subfield code="2">lcc</subfield>
    <subfield code="4">0</subfield>
    <subfield code="7">0</subfield>
    <subfield code="a">WIUC-1</subfield>
    <subfield code="b">WIUC-1</subfield>
    <subfield code="c">GEN</subfield>
    <subfield code="d">2012-08-24</subfield>
    <subfield code="l">0</subfield>
    <subfield code="o">PE1408.T731</subfield>
    <subfield code="p">4462/12</subfield>
    <subfield code="r">2012-08-24 00:00:00</subfield>
    <subfield code="t">2</subfield>
    <subfield code="w">2012-08-24</subfield>
    <subfield code="y">BK</subfield>
  </datafield>
</record>
